Affordability in Northern Ireland (Record no. 74713)
[ view plain ]
| 000 -LEADER | |
|---|---|
| fixed length control field | 01407cab a2200229 4500 |
| 001 - CONTROL NUMBER | |
| control field | ABS68644 |
| 008 - FIXED-LENGTH DATA ELEMENTS--GENERAL INFORMATION | |
| fixed length control field | 050113n2004 000 0 eng u |
| 035 ## - SYSTEM CONTROL NUMBER | |
| System control number | (Sirsi) u128510 |
| 100 ## - MAIN ENTRY--PERSONAL NAME | |
| Personal name | Solomon, A. |
| 245 ## - TITLE STATEMENT | |
| Title | Affordability in Northern Ireland |
| 260 ## - PUBLICATION, DISTRIBUTION, ETC. | |
| Date of publication, distribution, etc. | 2004 |
| 490 ## - SERIES STATEMENT | |
| Series statement | Housing Finance |
| Volume/sequential designation | (64) Winter 2004, 31-40(10) |
| 520 ## - SUMMARY, ETC. | |
| Summary, etc. | Considers affordability in Northern Ireland, a region always assumed to be one of the most affordable regions in the UK. Examines a number of affordability measures and compares them across regions and nations of the UK. Identifies relative affordability in Northern Ireland and explores developments that may improve affordability by reducing supply and demand side pressures. Data suggests that Northern Ireland home-owners are showing few indications of affordability problems associated with repayment problems but there is growing evidence that Northern Ireland is now one of the least affordable places for people seeking to enter home-ownership. Charts cover house price indices, first-time buyer data, and affordability indices for Northern Ireland and the UK. References and endnotes. |
| 590 ## - LOCAL NOTE (RLIN) | |
| Local note | ABS |
| 650 ## - SUBJECT ADDED ENTRY--TOPICAL TERM | |
| Topical term or geographic name entry element | NORTHERN IRELAND |
| 650 ## - SUBJECT ADDED ENTRY--TOPICAL TERM | |
| Topical term or geographic name entry element | AFFORDABILITY |
| 650 ## - SUBJECT ADDED ENTRY--TOPICAL TERM | |
| Topical term or geographic name entry element | HOME OWNERSHIP |
| 650 ## - SUBJECT ADDED ENTRY--TOPICAL TERM | |
| Topical term or geographic name entry element | SUPPLY AND DEMAND |
| 650 ## - SUBJECT ADDED ENTRY--TOPICAL TERM | |
| Topical term or geographic name entry element | HOUSE PRICE INDICES |
| 690 ## - LOCAL SUBJECT ADDED ENTRY--TOPICAL TERM (OCLC, RLIN) | |
| Topical term or geographic name as entry element | PROPERTY-RESIDENTIAL PROPERTY-RESIDENTIAL PROPERTY MARKET |
| 942 ## - ADDED ENTRY ELEMENTS (KOHA) | |
| Suppress in OPAC | 0 |
| Withdrawn status | Lost status | Source of classification or shelving scheme | Damaged status | Not for loan | Home library | Current library | Shelving location | Date acquired | Total Checkouts | Full call number | Barcode | Date last seen | Copy number | Price effective from | Koha item type |
|---|---|---|---|---|---|---|---|---|---|---|---|---|---|---|---|
| Dewey Decimal Classification | London | London | Journal article | 13/01/2005 | ABS68644 | 128510-1001 | 06/08/2019 | 1 | 06/08/2019 | Journal article |